Estadísticas para Países que tocan el Mar Caspio

Haz click aquí para tomar la prueba!

Estadísticas generales

  • Esta prueba ha sido tomada 2.489 veces
  • La puntuación promedio es 4 de 5

Estadísticas de respuestas

País% Correcto
Rusia
95%
Azerbaiyán
90%
Kazajistán
88%
Turkmenistán
87%
Irán
86%

Distribución de puntuación

Porcentaje por número respondido

Porcentaje de gente con cada puntuación

Historial de tus puntuaciones

No has tomado esta prueba